| 000 | 00735nam a2200217Ia 4500 | ||
|---|---|---|---|
| 005 | 20151210110602.0 | ||
| 008 | 130821s2002 mx gree spa | ||
| 020 | _a9681668006 | ||
| 040 |
_aCo-BoUCM _bspa _cLuz Cupitra (modificó) _dLuz Cupitra (modificó) |
||
| 041 | 0 | 0 | _aspa |
| 100 | 1 |
_aBorja, Rodrigo _974350 |
|
| 245 | 1 | 0 |
_aEnciclopedia de la política _cRodrigo Borja |
| 250 | _a3a. Ed. | ||
| 260 |
_aMéxico D.F. (México) _bFondo de Cultura Económica _c2002 |
||
| 300 | _a2 volúmenes | ||
| 505 | _aV.1: A - G. -- V.2: H - Z. | ||
| 650 | 0 | 4 |
_aCiencia política _926457 |
| 650 | 0 | 4 |
_aCiencia política _vEnciclopedias _951308 |
| 942 |
_a6 _e3 _kR _mB734e _cLIBROREF _2DEWEY _h320.03 |
||
| 999 |
_c46962 _d46962 |
||